| 000 | 01638nam a2200469 i 4500 | ||
|---|---|---|---|
| 001 | 33303 | ||
| 003 | KOSZ 005 | ||
| 005 | 20240405063100.0 | ||
| 008 | 980713s1996 pl |001 0 pol | ||
| 015 | _aUWD 1997/10554 | ||
| 020 | _a8385838791 | ||
| 035 | _a991005018689705066 | ||
| 035 | _a(PL-WaBN)b11318168-48omnis_nlop | ||
| 035 | _ab11318168 | ||
| 035 | _a(OCoLC)812698574 | ||
| 035 | _azz2004884692 | ||
| 035 | _a(PL)b0000001131816 | ||
| 035 | _a(EXLNZ-48OMNIS_NETWORK)9910484328205606 | ||
| 040 |
_aWA N _cWA N _dKOSZ 005/HR |
||
| 041 | 0 |
_apol _beng |
|
| 080 | _a94:327"18/19" | ||
| 100 | 1 |
_aDobrzycki, Wiesław _d(1936-2021) _eAutor |
|
| 245 | 1 | 0 |
_aHistoria stosunków międzynarodowych w czasach nowożytnych 1815-1945 / _cWiesław Dobrzycki ; Fundacja Studiów Międzynarodowych. |
| 250 | _a[Wyd. 1, dodr.]. | ||
| 260 |
_aWarszawa : _b"Scholar" : _bFSM, _ccop. 1996. |
||
| 300 |
_a646 s. ; _c24 cm. |
||
| 336 |
_aTekst _btxt _2rdacontent |
||
| 337 |
_aBez urządzenia pośredniczącego _bn _2rdamedia |
||
| 338 |
_aWolumin _bnc _2rdacarrier |
||
| 380 | _aKsiążki | ||
| 388 | _a1901-2000 | ||
| 388 | _a1989-2000 | ||
| 504 | _aBibliogr. s. 615-629. - Indeks.- Spis treści także ang. | ||
| 648 | 7 |
_a1801-1900 _2DBN |
|
| 648 | 7 |
_a1901-2000 _2DBN |
|
| 650 | 7 |
_aPolityka międzynarodowa _2DBN |
|
| 658 | _aPolityka, politologia, administracja publiczna | ||
| 710 | 2 |
_aWydawnictwo Naukowe "Scholar" _4pbl |
|
| 856 |
_uhttp://koha.tu.koszalin.pl/cgi-bin/koha/opac-detail.pl?biblionumber=33303 _yKatalog online BPK |
||
| 942 |
_2UKD _cKS |
||
| 999 |
_c33303 _d33303 |
||